000 00815nam a22001817a 4500
999 _c103732
_d103732
005 20230821110137.0
010 _aHIN-109433
020 _c250.00
_a9788195526420
035 _aHN-81779
037 _bDBAD/PUB
082 _a709.54
100 _aधुलधोये, लीला (मोरे )
245 _aलोक कला /
_cलीला (मोरे ) धुलधोये
260 _aमध्य प्रदेश
_bश्री विनय प्रकाशन
_c2022
270 _a3189/ई , सुदामा नगर गोपुर चौराहा बैंक ऑफ़ इंडिया के पास
_bमध्य प्रदेश
_e452009
300 _a96पृ
_c21 से.मी.(अजिल्द)
942 _cHN
_h709.54
_mधुलधो
_2ddc